00287 a2200109 4500001000700000020000600007040001100013100002900024240006000053245005500113362000900168169345 a  cMagnum aAmiguinho, Abilio (Org.)10aEscolas e mudanca: o papel dos centros de formacaolpor10aEscolas e mudanca: o papel dos centros de formacao0 a1899